Blocking Oscillators (Record no. 193560)
[ view plain ]
| 000 -LEADER | |
|---|---|
| fixed length control field | 00512 a2200157 4500 |
| 003 - CONTROL NUMBER IDENTIFIER | |
| control field | Nust |
| 005 - DATE AND TIME OF LATEST TRANSACTION | |
| control field | 20170207154100.0 |
| 040 ## - CATALOGING SOURCE | |
| Transcribing agency | Nust |
| 082 ## - DEWEY DECIMAL CLASSIFICATION NUMBER | |
| Classification number | 621.381533 |
| 100 ## - MAIN ENTRY--PERSONAL NAME | |
| Personal name | Alexander Schure |
| 245 ## - TITLE STATEMENT | |
| Title | Blocking Oscillators |
| Statement of responsibility, etc. | Alexander Schure |
| 260 ## - PUBLICATION, DISTRIBUTION, ETC. | |
| Place of publication, distribution, etc. | New York |
| Name of publisher, distributor, etc. | John F , Rider |
| Date of publication, distribution, etc. | 1956 |
| 300 ## - PHYSICAL DESCRIPTION | |
| Extent | 64p; |
| 505 ## - FORMATTED CONTENTS NOTE | |
| Formatted contents note | Description Of Operating Feature (Page-1),Popular Description Of Operation (Page-7),Detailed Description Of Operation (Page-12),Applications (Page-34). |
| 538 ## - SYSTEM DETAILS NOTE | |
| System details note | Almirah No.35 Shelf No.6 |
| 942 ## - ADDED ENTRY ELEMENTS (KOHA) | |
| Source of classification or shelving scheme | |
| Koha item type | Book |
| Withdrawn status | Lost status | Source of classification or shelving scheme | Damaged status | Not for loan | Permanent Location | Current Location | Date acquired | Full call number | Barcode | Date last seen | Price effective from | Koha item type | Public note |
|---|---|---|---|---|---|---|---|---|---|---|---|---|---|
| Military College of Signals (MCS) | Military College of Signals (MCS) | 12/12/2016 | 621.381533 BLO | MCS7022 | 12/08/2016 | 12/12/2016 | Book | Almirah No.83, Shelf No.1 |
